Initialized 'CC' Quiz Stats

 Plays Quiz Updated Dec 11, 2018

Support Sporcle.
Go Orange.
Score 0/26 Timer 06:00
1 Play Today
Hint Phrase % Correct
Explorer who 'sailed the ocean blue' for Spain in 1492Christopher Columbus
93.5%
Plastic payment option offered by Visa and American ExpressCredit card
92.4%
Smile! You're on...Candid Camera
89.8%
Type of running or skiing over open, rough, often flat terrainCross country
89.6%
Sweet morsel used in cookies, ice cream, and pancakesChocolate chip
86.2%
Displaying of a TV show's text for the hearing-impairedClosed captioning
84.7%
Cable network home to 'The Daily Show' and 'South Park' Comedy Central
84%
Baseball team that broke a 108 year World Series drought in 2016Chicago Cubs
82.7%
Republican 30th President of the United States, 1923-1929Calvin Coolidge
80.4%
Florida Air Force base where space shuttles are often launchedCape Canaveral
79.6%
This marble jumping board game was invented closer to Berlin than Beijing Chinese checkers
76.8%
Capital of NevadaCarson City
75.5%
Knighted actor/director/composer of silent films and talkiesCharlie Chaplin
69.1%
Hint Phrase % Correct
The French Open is the only tennis Grand slam played on thisClay court
68.4%
Electronics retailer whose brick-and-mortar stores closed in 2009Circuit City
67.7%
Strategy used by blackjack players to try to increase their winningsCard counting
63.7%
Pioneering French fashion designer whose real first name is GabrielleCoco Chanel
63%
What the 'cc' stands for when composing an emailCarbon Copy
62.1%
Singer of 1960's 'The Twist', named Billboard's top song of the past 50 yearsChubby Checker
57.3%
Adam Duritz-led rock band known for 'Mr. Jones' and 'Hanginaround'Counting Crows
55.8%
Game based on making specific designs out of a piece of stringCat's cradle
52.4%
News anchor and reporter married to Maury PovichConnie Chung
48%
Whiskey company founded in the 1850s and currently based in OntarioCanadian Club
33.5%
Best friend of Homer and Lenny on 'The Simpsons'Carl Carlson
27%
Non-profit organization that releases copyright licensesCreative Commons
5%
Gosho Aoyama manga series about a 17-year-old detectiveCase Closed
2.9%

From the Vault

Most Spoken Languages in the USA

by nachosnav

Language 10m
What is everyone talking about here?
Remove Ads.
Support Sporcle.
Get the best of Sporcle when you Go Orange. This ad-free experience offers more features, more stats, and more fun while also helping to support Sporcle. Thank you for becoming a member.

Show Comments

Extras

Top Quizzes Today


Score Distribution

Your Account Isn't Verified!

In order to create a playlist on Sporcle, you need to verify the email address you used during registration. Go to your Sporcle Settings to finish the process.

Report this User

Report this user for behavior that violates our Community Guidelines.

Details: